000 00779cam a22001814a 4500
005 20250605164017.0
008 250528s ||||||||||||||||||||||||d
035 _a16187
040 _aGR-AtMCL
_bgre
_dGR-AtMCL
_eAACR2
245 1 _aUniversity Laboratory Experiments / Volume 1-5
250 _a3rd
260 _c1995
520 _aMechanics, Statics, Mechanics of Liquids and Gaseous Bodies, Mechanical Vibration Acoustics, Optics, Thermodynamics, Electricity, Electrostatics and Magnetostatics, Stationary Currents, Electrodynamics, Electronics, Physical Structure of Matter, Physics of the Orbital Electrons, Nuclear Physics and Elementary Particles, Solid-State Physics, X-Ray Physics.
700 1 _aPhywe
_92252
942 _cBK
999 _c1721
_d1721